ბათუმის შოთა რუსთაველის სახელმწიფო უნივერსიტეტის ბიბლიოთეკა

ზოგადი ენათმეცნიერება : (ბიბ.ჩანაწერი № 56520)

000 -ლიდერი
ფიქსირებული სიგრძის საკონტროლო ველი 01182nam a2200241Ia 4500
001 - საკონტროლო ნომერი
საკონტროლო ველი 23634
003 - საკონტროლო ნომრის იდენტიფიკატორი
საკონტროლო ველი GE_BSU
005 - ბოლო ოპერაციის თარიღი და დრო
საკონტროლო ველი 20260226165209.0
008 - ფიქსირებული სიგრძის მონაცემთა ელემენტები - ზოგადი ინფორმაცია
ფიქსირებული სიგრძის საკონტროლო ველი 181216s1982||||ge |||||||||||||| ||geo||
040 ## - კატალოგიზაციის წყარო
Transcribing agency GE_BSU
041 ## - ენის კოდი
Language code of text/sound track or separate title geo
080 ## - უნივერსალური ათობითი კლასიფიკაციის ინდექსი
Universal Decimal Classification number 81'1(075.8) კ-65
100 ## - მთავარი ჩანაწერი - პიროვნების სახელი
Personal name კოდუხოვი, ვ.
9 (RLIN) 7723
245 ## - ცნობა სათაურის შესახებ
Title ზოგადი ენათმეცნიერება :
Remainder of title [სახელმძღვ. უნ-ტებისა და პედ. ინ-ტების ფილოლოგიის სპეციალობებისათვის] / .
Statement of responsibility, etc ვ. კოდუხოვი ; რედ. : ა. ღლონტი ; მთარგმნ. : რ. ენუქაშვილმა.
264 ## - წარმოების, გამოცემის, დისტრიბუციის და სხვა ცნობები
გამოცემის, წარმოების, დისტრიბუციის... ადგილი თბილისი :
გამოცემის, წარმოების, დისტრიბუციის... სახელწოდება განათლება,
გამოცემის, წარმოების, დისტრიბუციის... თარიღი 1982.
300 ## - ფიზიკური აღწერა
Extent 382 გვ. ;
Dimensions 22 სმ.
653 ## - INDEX TERM--UNCONTROLLED
Uncontrolled term ზოგადი ენათმეცნიერება
653 ## - INDEX TERM--UNCONTROLLED
Uncontrolled term ქართული ენა
700 ## - ADDED ENTRY--PERSONAL NAME
Personal name ღლონტი, ა.
Relator term რედაქტორი
9 (RLIN) 16233
700 ## - ADDED ENTRY--PERSONAL NAME
Personal name ენუქაშვილი, რ.
Relator term მთარგმნელი
9 (RLIN) 26998
942 ## - ADDED ENTRY ELEMENTS (KOHA)
Koha item type წიგნი
Source of classification or shelving scheme
ეგზემპლარები
ჩამოწერის სტატუსი დაკარგული ეგზემპლარის სტატუსი კლასიფიკაციის წყარო ან თაროზე გაწყობის სქემა დაზიანების სტატუსი არ გაიცემა მუდმივი მდებარეობა (დაცვის ადგილი) ამჟამინდელი ადგილსამყოფელი თაროზე განთავსების ადგილი შეძენის თარიღი ღირებულება, შესყიდვის ნორმალური ფასი სრული შენახვის შიფრი შტრიხკოდი ბოლო ოპერაციის თარიღი ეგზემპლარის მიმდევრობითი ნომერი (კეტერი?) ფასის ძალაში შესვლის თარიღი ეგზემპლარის სახეობა საჯარო შენიშვნა
          ბათუმის შოთა რუსთაველის სახელმწიფო უნივერსიტეტის მთავარი ბიბლიოთეკა ბათუმის შოთა რუსთაველის სახელმწიფო უნივერსიტეტის მთავარი ბიბლიოთეკა წიგნსაცავი 2018-12-17 1.70 81'1(075.8) კ-65 28463 2018-12-17 28463 2018-12-17 წიგნი 1.70 ₾.